<?xml version="1.0" encoding="UTF-8"?><?xml-stylesheet type="text/xsl" href="static/style.xsl"?><OAI-PMH xmlns="http://www.openarchives.org/OAI/2.0/" xmlns:xsi="http://www.w3.org/2001/XMLSchema-instance" xsi:schemaLocation="http://www.openarchives.org/OAI/2.0/ http://www.openarchives.org/OAI/2.0/OAI-PMH.xsd"><responseDate>2026-04-17T06:04:18Z</responseDate><request verb="GetRecord" identifier="oai:www.recercat.cat:20.500.14342/5532" metadataPrefix="marc">https://recercat.cat/oai/request</request><GetRecord><record><header><identifier>oai:recercat.cat:20.500.14342/5532</identifier><datestamp>2025-11-05T18:03:53Z</datestamp><setSpec>com_2072_482405</setSpec><setSpec>com_2072_183628</setSpec><setSpec>col_2072_482409</setSpec><setSpec>col_2072_482411</setSpec></header><metadata><record xmlns="http://www.loc.gov/MARC21/slim" xmlns:dcterms="http://purl.org/dc/terms/" xmlns:xsi="http://www.w3.org/2001/XMLSchema-instance" xmlns:doc="http://www.lyncode.com/xoai" xsi:schemaLocation="http://www.loc.gov/MARC21/slim http://www.loc.gov/standards/marcxml/schema/MARC21slim.xsd">
   <leader>00925njm 22002777a 4500</leader>
   <datafield ind2=" " ind1=" " tag="042">
      <subfield code="a">dc</subfield>
   </datafield>
   <datafield ind2=" " ind1=" " tag="720">
      <subfield code="a">Bisbe Gutiérrez, Marta</subfield>
      <subfield code="e">author</subfield>
   </datafield>
   <datafield ind2=" " ind1=" " tag="720">
      <subfield code="a">Fuente-Vidal, Andrea</subfield>
      <subfield code="e">author</subfield>
   </datafield>
   <datafield ind2=" " ind1=" " tag="720">
      <subfield code="a">López Garriga, Elisabet</subfield>
      <subfield code="e">author</subfield>
   </datafield>
   <datafield ind2=" " ind1=" " tag="720">
      <subfield code="a">Moreno, Marta</subfield>
      <subfield code="e">author</subfield>
   </datafield>
   <datafield ind2=" " ind1=" " tag="720">
      <subfield code="a">Naya, Marian</subfield>
      <subfield code="e">author</subfield>
   </datafield>
   <datafield ind2=" " ind1=" " tag="720">
      <subfield code="a">Benetti, Claudio de</subfield>
      <subfield code="e">author</subfield>
   </datafield>
   <datafield ind2=" " ind1=" " tag="720">
      <subfield code="a">Milà, Raimon</subfield>
      <subfield code="e">author</subfield>
   </datafield>
   <datafield ind2=" " ind1=" " tag="720">
      <subfield code="a">Bruna, Olga</subfield>
      <subfield code="e">author</subfield>
   </datafield>
   <datafield ind2=" " ind1=" " tag="720">
      <subfield code="a">Boada, Mercè</subfield>
      <subfield code="e">author</subfield>
   </datafield>
   <datafield ind2=" " ind1=" " tag="720">
      <subfield code="a">ALEGRET, MONTSERRAT</subfield>
      <subfield code="e">author</subfield>
   </datafield>
   <datafield ind2=" " ind1=" " tag="260">
      <subfield code="c">2019</subfield>
   </datafield>
   <datafield ind2=" " ind1=" " tag="520">
      <subfield code="a">Background:&#xd;
Recent research on mild cognitive impairment (MCI) has primarily focused on searching for measures to prevent or delay the progression of MCI to dementia. Physical exercise has shown to be effective in the prevention of age-related cognitive decline in elderly adults with MCI. However, the most effective type and dose of exercise for the improvement of cognition are yet to be determined.&#xd;
Objective:&#xd;
To compare the cognitive effects of choreographed exercise (Choreography group) with a multimodal physical therapy program (Physical Therapy group) in elderly adults with amnestic MCI, a population with an increased risk of developing dementia.&#xd;
Methods:&#xd;
We conducted a randomized clinical trial with two parallel groups under allocation concealment and assessor blinding. Participants were allocated into Choreography or Physical Therapy group and performed exercises twice per week in 60-minute sessions during 12 weeks.&#xd;
Results:&#xd;
Thirty-six participants with amnestic MCI, ages 65 to 85, were assessed at baseline and after 12 weeks of intervention, by comprehensive validated neuropsychological and physical assessments. A Repeated measures General Lineal Model showed statistically significant differences in cognitive and physical outcomes. Both groups significantly improved in visual delayed recall. The Choreography group exhibited significantly more benefits on verbal recognition memory than the Physical Therapy group.&#xd;
Conclusion:&#xd;
Greater cognitive benefits were achieved in the choreographic intervention than in the multimodal physical therapy, mainly in those functions more related to the risk of conversion to dementia. Additional studies are needed to confirm whether the observed effects are related to delayed onset of Alzheimer’s disease in elderly adults with amnestic MCI.</subfield>
   </datafield>
   <datafield ind1="8" ind2=" " tag="024">
      <subfield code="a">http://hdl.handle.net/20.500.14342/5532</subfield>
   </datafield>
   <datafield ind1="8" ind2=" " tag="024">
      <subfield code="a">https://doi.org/10.3233/JAD-190552</subfield>
   </datafield>
   <datafield tag="653" ind2=" " ind1=" ">
      <subfield code="a">Alzheimer, Malaltia d'</subfield>
   </datafield>
   <datafield tag="653" ind2=" " ind1=" ">
      <subfield code="a">Deteriorament cognitiu lleu</subfield>
   </datafield>
   <datafield tag="653" ind2=" " ind1=" ">
      <subfield code="a">Persones grans</subfield>
   </datafield>
   <datafield tag="653" ind2=" " ind1=" ">
      <subfield code="a">Dansateràpia</subfield>
   </datafield>
   <datafield tag="653" ind2=" " ind1=" ">
      <subfield code="a">Activitat física</subfield>
   </datafield>
   <datafield ind2="0" ind1="0" tag="245">
      <subfield code="a">Comparative Cognitive Effects of Choreographed Exercise and Multimodal Physical Therapy in Older Adults with Amnestic Mild Cognitive Impairment: Randomized Clinical Trial</subfield>
   </datafield>
</record></metadata></record></GetRecord></OAI-PMH>